000 00429nam a2200145Ia 4500
005 20240821155655.0
008 240821s9999||||xx |||||||||||||| ||und||
082 _a793.31954 SHA
100 _aSharma, Arun
245 0 _aShingbhupalkrit rasaranvasudhakar ka samikshatmak adhyayan (HIN)
260 _aDelhi
_bNirmal Publications
_c1993
300 _a202p.
650 _aArts, Crafts, Music, Sports And Recreations
942 _cBK
999 _c126323
_d126323